[Event "20th Abu Dhabi Masters 2013"]
[Site "Abu Dhabi UAE"]
[Date "2013.07.03"]
[Round "5.2"]
[White "Efimenko,Z"]
[Black "Malakhatko,V"]
[Result "1-0"]
[WhiteElo "2651"]
[BlackElo "2559"]

1.Nf3 d5 2.g3 c6 3.Bg2 Bf5 4.d3 e6 5.O-O h6 6.Nbd2 Nf6 7.c4 Be7 8.cxd5 exd5
9.e4 dxe4 10.dxe4 Nxe4 11.Nxe4 Qxd1 12.Rxd1 Bxe4 13.Re1 Bxf3 14.Bxf3 Na6
15.Bf4 Nc5 16.Rac1 Ne6 17.Rxc6 bxc6 18.Bxc6+ Kf8 19.Bxa8 Nxf4 20.gxf4 g6
21.Rd1 Kg7 22.Rd7 Rxa8 23.Rxe7 a5 24.b3 Rd8 25.Ra7 Rd5 26.Ra6 g5 27.fxg5 hxg5
28.Kg2 f6 29.Kg3 Kg6 30.f3 Rc5 31.h4 Kh5 32.hxg5 fxg5 33.Rb6 Rc2 34.a4 Rc3
35.Rb8 Rd3 36.Rb5 Rc3 37.Kg2 Kh4 38.Kf2 Rd3 39.Rb8 Kh5 40.Rb6 Rc3 41.Ke2 Kh4
42.Rb5 Rc2+ 43.Kd3 Rf2 44.Rf5 Rf1 45.Kc4 Rc1+ 46.Kb5 Rb1 47.Kxa5 Rxb3 48.Ka6 Rb4
49.a5 Kh5 50.Rf6 Kh4 51.Ka7 Rb5 52.a6 Kg3 53.Ka8 Kf2 54.Ka7 Kg3 55.Rb6 Rf5
56.Rb3 Rf7+ 57.Kb6 Rf6+ 58.Ka5 Rf7 59.Ra3 Kf4 60.Kb6 Rf6+ 61.Kc5 Rf5+ 62.Kd4 Rf8
63.a7 Ra8 64.Kd5 Rd8+ 65.Ke6 Re8+ 66.Kd5 Rd8+ 67.Kc5 Rc8+ 68.Kb6 Rg8 69.Rc3 Kg3
70.Kb7  1-0

[Event "IsBank TCh-TUR 2013"]
[Site "Denizli TUR"]
[Date "2013.07.03"]
[Round "5.1"]
[White "Berkes,F"]
[Black "Shanava,K"]
[Result "1/2-1/2"]
[WhiteElo "2687"]
[BlackElo "2563"]

1.Nf3 d5 2.g3 Bg4 3.Bg2 c6 4.O-O Nd7 5.d3 e6 6.Nbd2 Bd6 7.e4 Ne7 8.h3 Bh5
9.Qe1 O-O 10.Nh4 Qc7 11.f4 f6 12.Nhf3 Bf7 13.Kh1  1/2-1/2

[Event "4th Kiryat Ono Open A"]
[Site "Kiryat Ono ISR"]
[Date "2013.07.03"]
[Round "4.9"]
[White "Arlinsky,U"]
[Black "Hadari,A"]
[Result "1-0"]
[WhiteElo "2321"]
[BlackElo "2030"]

1.Nf3 d5 2.g3 Bg4 3.Bg2 Nd7 4.d4 e6 5.O-O Ngf6 6.Nbd2 Bd6 7.Re1 c6 8.e4 dxe4
9.Nxe4 Nxe4 10.Rxe4 Nf6 11.Re1 h6 12.c3 O-O 13.Qb3 Qb6 14.Ne5 Bf5 15.h3 Rfd8
16.g4 Qxb3 17.axb3 Bc2 18.b4 Nd5 19.h4 f6 20.Nc4 Kf7 21.Nxd6+ Rxd6 22.Kh2 a6
23.Kg3 Re8 24.Be3 e5 25.dxe5 Rxe5 26.Bc5 Rde6 27.Rec1 Bd3 28.Rd1 Bc2 29.Rd2 Bb3
30.Ra3 Bc4 31.b3 Be2 32.Bd4 Re4 33.Bxe4 Rxe4 34.f3 Re6 35.Kf2 Nf4 36.Be3  1-0

[Event "21st Montcada Open"]
[Site "Montcada i Reixac ESP"]
[Date "2013.07.03"]
[Round "9.11"]
[White "Anurag,M"]
[Black "Deepan,C"]
[Result "1-0"]
[WhiteElo "2401"]
[BlackElo "2468"]

1.Nf3 d5 2.g3 Nf6 3.c4 g6 4.cxd5 Nxd5 5.Nc3 Bg7 6.Bg2 O-O 7.O-O Nxc3 8.dxc3 Nc6
9.Qb3 e5 10.Be3 Qe7 11.Ng5 h6 12.Ne4 Re8 13.Rfd1 Kh7 14.Nc5 Nd8 15.Na6 Be6
16.Qa4 Rc8 17.Bc5 Qg5 18.Nxc7 Rxc7 19.Qxe8 Rxc5 20.Rxd8 h5 21.h4 Qg4 22.Rad1 Qxe2
23.Qe7 b6 24.R8d2 Qa6 25.Bd5 Rxd5 26.Rxd5 Qxa2 27.Rd6 Bb3 28.R1d2 b5 29.Qb7 Bc4
30.Rd7 Qb1+ 31.Rd1  1-0

[Event "4th ch-Vojvodina Int"]
[Site "Novi Sad SRB"]
[Date "2013.07.03"]
[Round "8.10"]
[White "Pucarevic,M"]
[Black "Doric,N"]
[Result "1/2-1/2"]
[WhiteElo "2221"]
[BlackElo "2283"]

1.Nf3 d5 2.g3 c6 3.Bg2 Bg4 4.h3 Bh5 5.O-O Nd7 6.d3 e6 7.Nbd2 Bd6 8.c4 Ngf6
9.b3 O-O 10.Bb2 Qe7 11.Qc2 Rfe8 12.e4 dxe4 13.dxe4 e5 14.Nh4 Ba3 15.Nf5 Qf8
16.Bc3 Bb4 17.Bxb4 Qxb4 18.a3 Qf8 19.b4 a5 20.c5 axb4 21.axb4 Be2 22.Rxa8 Rxa8
23.Re1 Ba6 24.Qc3 g6 25.Nd6 Ne8 26.N2c4 Nxd6 27.Nxd6 Qe7 28.h4 Nf6 29.Bf3 h5
30.Qe3 Ne8 31.Nxe8 Rxe8 32.Qg5 Qxg5 33.hxg5 Rd8 34.Rd1 Rxd1+ 35.Bxd1 Bc4
36.Kg2 f6 37.gxf6 Kf7 38.g4 hxg4 39.Bxg4 Be6 40.Be2 Kxf6 41.Kg3 Kg5 42.b5 cxb5
43.Bxb5 Bc8 44.Bc4 Bd7 45.f3 Kf6 46.Bd5 Bc6 47.Kh4 g5+ 48.Kh5 Be8+ 49.Kh6 Bb5
50.Bxb7 Ke6 51.Kxg5 Be2 52.f4 exf4 53.Kxf4 Bc4 54.Bc8+ Kf6 55.Bf5 Bb5 56.e5+ Ke7
57.Ke3 Ba4 58.Kd4 Bc6 59.Be4 Ba4 60.Bd5 Kd7 61.e6+ Ke7 62.Ke5 Bb5 63.Bb7 Bc4
64.Bd5 Bb5 65.Bb7 Bc4 66.Bc8 Kd8 67.Bb7  1/2-1/2

[Event "41st TCh-GRE"]
[Site "Rio (Achaia) GRE"]
[Date "2013.07.03"]
[Round "2.5"]
[White "Pambalou,F"]
[Black "Zawadzka,J"]
[Result "1/2-1/2"]
[WhiteElo "2061"]
[BlackElo "2393"]

1.Nf3 d5 2.g3 c6 3.Bg2 Bg4 4.Ne5 Bh5 5.d4 Nd7 6.Bf4 e6 7.c4 Ngf6 8.Nc3 Be7
9.O-O O-O 10.a3 Nxe5 11.Bxe5 Nd7 12.Bf4 dxc4 13.Rc1 a5 14.Qd2 Ra6 15.e4 f6
16.Be3 b5 17.f4 Qb8 18.Qf2 Rd8 19.Rfe1 Bf8 20.h3 f5 21.exf5 exf5 22.d5 cxd5
23.Nxd5 Nf6 24.Nxf6+ Rxf6 25.Bd4 Rg6 26.Re5 Rgd6 27.Be3 Bg6 28.Kh2 a4 29.Rc2 Ra6
30.Bc5 Bd6 31.Rd5 Bxc5 32.Qxc5 Rxd5 33.Bxd5+ Kh8 34.Re2 h6 35.Be6 Bh5 36.Re5 Rd6
37.Bd5 Bg6 38.Re7 Qd8 39.Re5 Qb6 40.Qxb6 Rxb6 41.Kg2 Rd6 42.Kf2 Kh7 43.Ke3 Rd7
44.Kd4 Bf7 45.Kc5 Bxd5 46.Rxd5 Rc7+ 47.Kd4 b4 48.axb4 a3 49.Kc3 axb2 50.Kxb2 c3+
51.Kc2 Rc4 52.b5 Kg6 53.b6 Rb4 54.Rd6+ Kh5 55.Kxc3 Rb1 56.Kc4 g5 57.Kc5 g4
58.hxg4+ Kxg4 59.Rg6+ Kh5 60.Re6 Kg4 61.Rg6+ Kh5 62.Rd6 Kg4 63.Rd3 h5 64.Kc6 Rc1+
65.Kd7 Rb1 66.Kc7 h4 67.gxh4 Kxh4 68.Rc3 Rb4 69.b7 Kg4 70.b8=Q Rxb8 71.Kxb8 Kxf4
72.Kc7 Ke5 73.Kc6 f4 74.Kc5 Ke4 75.Rc4+ Ke3 76.Rc3+ Ke4 77.Rc4+ Ke3 78.Kd5 f3
79.Rc3+ Ke2 80.Ke4 f2 81.Rc2+ Ke1 82.Ke3 f1=N+ 83.Kd3 Ng3 84.Rg2 Nf1 85.Re2+ Kd1
86.Ra2 Ke1 87.Ke4 Nd2+ 88.Ke3 Nf1+ 89.Kf3 Nd2+  1/2-1/2

[Event "41st TCh-GRE"]
[Site "Rio (Achaia) GRE"]
[Date "2013.07.03"]
[Round "2.1"]
[White "Lubbe,N"]
[Black "Brunello,S"]
[Result "0-1"]
[WhiteElo "2451"]
[BlackElo "2593"]

1.Nf3 d5 2.g3 c6 3.Bg2 Bg4 4.Ne5 Bh5 5.f4 f6 6.Bf3 fxe5 7.Bxh5+ g6 8.Bf3 exf4
9.d4 fxg3 10.hxg3 Bg7 11.Qd3 e5 12.dxe5 Nd7 13.e6 Nc5 14.Qe3 Qd6 15.Nd2 Nf6
16.Kf2 O-O 17.Kg2 Nxe6 18.Nf1 Nd7 19.Qg1 Rf7 20.c3 Ne5 21.Nh2 Re8 22.Qxa7 Nxf3
23.exf3 Nc5 24.Bf4 Rxf4 25.gxf4 Nd3 26.Qxb7 Qxf4 27.Qb6 Re2+ 28.Kf1 Rxb2  0-1

[Event "VIII Wroclaw Open A 2013"]
[Site "Wroclaw POL"]
[Date "2013.07.03"]
[Round "3.14"]
[White "Siembab,B"]
[Black "Wasylkiewicz,A"]
[Result "1-0"]
[WhiteElo "2258"]
[BlackElo "1827"]

1.Nf3 d5 2.g3 Nc6 3.c4 d4 4.d3 e5 5.Bg2 Bb4+ 6.Bd2 Bxd2+ 7.Nbxd2 Nge7 8.b4 f6
9.b5 Nb8 10.O-O a5 11.Ne1 O-O 12.Qb3 c5 13.bxc6 Nbxc6 14.Nc2 Rb8 15.Rab1 Bg4
16.Bf3 Qd7 17.Rb2 h5 18.Rfb1 h4 19.Qa3 hxg3 20.hxg3 Bxf3 21.Nxf3 Kf7 22.Kf1 Rh8
23.Ke1 Rh1+ 24.Kd2 Rxb1 25.Rxb1 Qh3 26.Rg1 b5 27.g4 bxc4 28.dxc4 Qh7 29.Kc1 e4
30.Nfxd4 Nxd4 31.Nxd4 Qh2 32.Qg3 Qxg3 33.Rxg3 Rc8 34.Nb3 Rxc4+ 35.Kb2 Nc6
36.a3 Nd4 37.Rc3 Rxc3 38.Kxc3 Nxe2+ 39.Kd2 Nf4 40.Nxa5 Nd3 41.Ke3 Kg6 42.f3 Ne5
43.Kxe4 Kf7 44.Nb3 Ke6 45.Nd4+ Kf7 46.Kd5 g6 47.a4 Ke7 48.Nc6+  1-0

[Event "IsBank TCh-TUR 2013"]
[Site "Denizli TUR"]
[Date "2013.07.04"]
[Round "6.9"]
[White "Ersoz,B"]
[Black "Unal,Onur"]
[Result "1-0"]
[WhiteElo "1941"]
[BlackElo "1791"]

1.Nf3 d5 2.g3 Nf6 3.Bg2 e6 4.O-O Be7 5.c4 O-O 6.cxd5 exd5 7.d3 Nbd7 8.Bf4 Re8
9.Nc3 c6 10.Rc1 Nc5 11.Qc2 Ne6 12.Bd2 Bd6 13.Rfe1 Nc7 14.e4 dxe4 15.dxe4 Bf8
16.Rcd1 Be6 17.Bf4 Qc8 18.Rd2 h6 19.Nd4 a6 20.Na4 Nd7 21.Red1 b5 22.Bxc7 Nf6
23.Nb6 Qxc7 24.Nxa8 Rxa8 25.Nxe6 fxe6 26.e5 Nh7 27.Qxc6 Qxc6 28.Bxc6 Rb8
29.h4 g5 30.Rd8  1-0

[Event "IsBank TCh-TUR 2013"]
[Site "Denizli TUR"]
[Date "2013.07.04"]
[Round "7.7"]
[White "Javakhadze,Z"]
[Black "Yilmaz,M"]
[Result "0-1"]
[WhiteElo "2450"]
[BlackElo "2556"]

1.Nf3 d5 2.g3 Nc6 3.d4 Bg4 4.Bg2 Qd7 5.h3 Bh5 6.c4 e6 7.cxd5 exd5 8.Nc3 Bb4
9.O-O Nge7 10.Ne1 Bd6 11.Nxd5 Nxd5 12.Bxd5 O-O-O 13.Bg2 Rhe8 14.Nf3 Kb8 15.e3 f5
16.Ne5 Nxe5 17.Qxh5 g6 18.Qd1 Nf7 19.Bd2 Ng5 20.Qb3 Ne4 21.Bb4 h5 22.Bxd6 Qxd6
23.Rfc1 h4 24.gxh4 Qf6 25.Qc2 Re7 26.f3 Ng3 27.Qf2 f4 28.Re1 Nf5 29.exf4 Red7
30.Re4 Rxd4 31.Rxd4 Rxd4 32.Re1 Qd8 33.Qe2 Qxh4 34.Qe8+ Rd8 35.Qe5 a6 36.Rc1 Rd6
37.Qe8+ Ka7 38.Qe5 Rd2 39.Qc5+ Ka8 40.Qf8+ Rd8 41.Qb4 Qg3 42.Qe1 Qxf4 43.Rc2 Rd3
44.Qe8+ Ka7 45.Qe2 Qd4+ 46.Qf2 Rd1+ 47.Kh2 Ne3 48.Re2 Qf4+ 49.Qg3 Rh1+ 50.Kxh1 Qxg3
51.Rxe3 Qf2 52.Rb3 b5 53.f4 c5 54.a4 c4 55.Rf3 Qxb2 56.axb5 c3  0-1

[Event "Karvina Open 2013"]
[Site "Karvina CZE"]
[Date "2013.07.04"]
[Round "6.28"]
[White "Bausano,Michael"]
[Black "Gruszka,Ales"]
[Result "1-0"]
[WhiteElo "1774"]
[BlackElo "1546"]

1.Nf3 d5 2.g3 c6 3.Bg2 Bf5 4.d3 Nf6 5.Nbd2 Nbd7 6.O-O e6 7.Nh4 Bg6 8.e4 dxe4
9.dxe4 Bc5 10.Qe1 e5 11.Nb3 Bb6 12.Be3 O-O 13.Rd1 h6 14.Nxg6 fxg6 15.Bh3 Qc7
16.f4 Bxe3+ 17.Qxe3 Rad8 18.c4 Nb6 19.c5 Nbd7 20.Rd6 exf4 21.gxf4 Rfe8 22.e5 Nd5
23.Qg3 Nf8 24.f5 g5 25.f6 Nf4 26.Rxf4 gxf4 27.Qxf4 Rxd6 28.cxd6 Qf7 29.Nd4 gxf6
30.e6 Nxe6 31.Bxe6 Rxe6 32.Qg4+ Qg7 33.Qxg7+  1-0

[Event "Klatov Open A 2013"]
[Site "Klatovy CZE"]
[Date "2013.07.04"]
[Round "6.13"]
[White "Eretova,J"]
[Black "Muehlbauer,H"]
[Result "1-0"]
[WhiteElo "2101"]
[BlackElo "1922"]

1.Nf3 d5 2.g3 Nf6 3.Bg2 e6 4.O-O Be7 5.d3 c5 6.Nbd2 O-O 7.Re1 Nc6 8.e4 Qc7
9.h4 dxe4 10.dxe4 e5 11.c3 h6 12.Nc4 Be6 13.Nfd2 Rad8 14.Ne3 Rfe8 15.Qf3 Rd7
16.Nf5 Qd8 17.Nf1 Bf8 18.Nh2 Kh8 19.g4 Nh7 20.Qh3 a6 21.Nf3 Rd1 22.Be3 Rd3
23.Bf1 Rd7 24.Qg2 Bxf5 25.exf5 e4 26.Nh2 Qxh4 27.Bf4 Qd8 28.Rxe4 Rxe4 29.Qxe4 Nf6
30.Qf3 Nh7 31.Re1 Bd6 32.Bxd6 Rxd6 33.Qe3 Nf6 34.Qxc5 Rd2 35.Bxa6 Nxg4 36.Nxg4 Qg5
37.Be2 Rxe2 38.Rxe2 Qxg4+ 39.Kf1 Qf3 40.Ke1 Qf4 41.Re3 Kh7 42.b4 f6 43.Qd5 Ne5
44.Qe4 Qg5 45.Rg3 Qc1+ 46.Ke2 Qb2+ 47.Kf1 Qc1+ 48.Kg2 Qd2 49.Qxb7 Nd7 50.Qe4 Ne5
51.b5 Qxa2 52.b6 Nf7 53.b7 Qb2 54.Qb4 Qe2 55.b8=Q Ng5 56.Rxg5 hxg5 57.Qh2+ Kg8
58.Qbb8+ Kf7 59.Qhc7+  1-0

[Event "11th Niki Open 2013"]
[Site "Nachod CZE"]
[Date "2013.07.04"]
[Round "6.12"]
[White "Nemec,O"]
[Black "Machan,J"]
[Result "0-1"]
[WhiteElo "1884"]
[BlackElo "2169"]

1.Nf3 d5 2.g3 Nf6 3.Bg2 c6 4.O-O Bf5 5.d3 h6 6.Nbd2 e6 7.Qe1 Be7 8.e4 Bh7
9.Qe2 O-O 10.b3 a5 11.a4 Na6 12.c3 Nc5 13.Ne1 dxe4 14.dxe4 Nfd7 15.Ba3 Na6
16.Bxe7 Qxe7 17.Nd3 Rfd8 18.Rfd1 Nac5 19.Nxc5 Nxc5 20.Rab1 Rd7 21.Nc4 Rxd1+
22.Rxd1 Nxb3 23.Qc2 Nc5 24.Nb6 Rd8 25.f3 Nxe4 26.fxe4 Qc5+  0-1

[Event "41st Annual World Open"]
[Site "Arlington USA"]
[Date "2013.07.05"]
[Round "5.21"]
[White "Cheng,Bi"]
[Black "Shen,A"]
[Result "0-1"]
[WhiteElo "2406"]
[BlackElo "2286"]

1.Nf3 d5 2.g3 Nf6 3.Bg2 c6 4.c4 dxc4 5.Qc2 Qd5 6.Na3 Bf5 7.Qxc4 e6 8.O-O Bxa3
9.Qxd5 exd5 10.bxa3 Nbd7 11.d3 O-O-O 12.h3 Rhe8 13.Nd4 Be6 14.a4 Nc5 15.a5 Bd7
16.Ba3 Na6 17.Rab1 Kb8 18.Rfc1 Ka8 19.Rc2 Bc8 20.Kf1 g6 21.Nf3 d4 22.Ng5 Rd7
23.Rc4 Re5 24.Nf3 Rxa5 25.Rb3 c5 26.Ne5 Rc7 27.Rc2 Be6 28.Nc4 Ra4 29.Bc1 Rb4
30.Bf4 Rd7 31.Bg5 Nd5 32.Na5 Ra4 33.Bd2 Ndb4 34.Rxb4 Nxb4 35.Rxc5 Re7 36.Rb5 Rxa5
37.Rxa5 Nxa2 38.Rc5 a6 39.Bh6 Ka7 40.Bf8 Rd7 41.Rc2 a5 42.Rb2 b6 43.Ke1 Nc3
44.Bg7 a4 45.Rb4 a3 46.Rxd4 Rc7 47.Rd8 Bc8 48.Bd5 Nxd5 49.Rxd5 Be6 50.Rd4 b5
51.Kd2 Kb6 52.Rd8 a2 53.Rb8+ Ka5 54.Be5 Rc6 55.Ba1 Bb3 56.e4 Kb4 57.Be5 Rc2+
58.Ke3 Rc1 59.Bd6+ Ka5 60.Be5 Ba4 61.Rb7 a1=Q 62.Bxa1 Rxa1 63.Rxf7 b4 64.Kd2 b3
65.Kc3 Rc1+ 66.Kb2 Rc2+ 67.Kb1 Kb4  0-1

[Event "41st Annual World Open"]
[Site "Arlington USA"]
[Date "2013.07.05"]
[Round "5.13"]
[White "Panchanathan,M"]
[Black "Shetty,A"]
[Result "1/2-1/2"]
[WhiteElo "2570"]
[BlackElo "2314"]

1.Nf3 d5 2.g3 Nf6 3.Bg2 c5 4.O-O Nc6 5.d4 e6 6.c4 dxc4 7.Qa4 Bd7 8.Qxc4 cxd4
9.Nxd4 Rc8 10.Nc3 Nxd4 11.Qxd4 Bc5 12.Qh4 O-O 13.Bg5 h6 14.Bxf6 Qxf6 15.Qxf6 gxf6
16.Rac1 f5 17.Rfd1 Bc6 18.Bxc6 Rxc6 19.Rd7 b5 20.Kg2 Bb6 21.Rcd1 a6 22.a3 Ba5
23.Nb1 b4 24.a4 Rc2 25.Nd2 Bd8 26.b3 Bf6 27.e4 fxe4 28.Nxe4 Be5 29.R1d3 Rb2
30.h4 Rc8 31.h5 Bc3 32.Nd6 Rf8 33.g4 Rxb3 34.Rf3 Ra3 35.g5 Bd2 36.gxh6 Rxf3
37.Kxf3 Bxh6 38.Rb7 Bd2 39.Ke4 Bc3 40.f4 Kg7 41.Rc7 Kh6 42.Nxf7+ Kxh5 43.Rb7 Kg4
44.a5 Kg3 45.Ke3 Bb2 46.Ke4 Bc1 47.Ke5 Bxf4+ 48.Kxe6 Rb8 49.Rxb8 Bxb8 50.Kd5 b3
51.Ng5 Kf4 52.Ne4 Ke3 53.Nc3 Kd3 54.Na4 Bc7 55.Kc6 Bxa5 56.Nc5+ Kc4 57.Nxb3 Bb4
58.Kb6  1/2-1/2

[Event "Karvina Open 2013"]
[Site "Karvina CZE"]
[Date "2013.07.05"]
[Round "7.34"]
[White "Gruszka,Ales"]
[Black "Ochmyt,Jakub"]
[Result "1/2-1/2"]
[WhiteElo "1546"]
[BlackElo "1522"]

1.Nf3 d5 2.g3 Nf6 3.Bg2 g6 4.d3 Bg7 5.O-O O-O 6.Nbd2 c5 7.c4 e6 8.Re1 b6
9.Qc2 Bb7 10.e4 d4 11.h3 Nbd7 12.Nf1 e5 13.b3 a5 14.a4 Qc7 15.N3h2 Rae8  1/2-1/2

[Event "Karvina Open 2013"]
[Site "Karvina CZE"]
[Date "2013.07.05"]
[Round "7.11"]
[White "Zabystrzan,P"]
[Black "Kolar,St"]
[Result "0-1"]
[WhiteElo "2300"]
[BlackElo "2058"]

1.Nf3 d5 2.g3 Nc6 3.d4 Nf6 4.Bg2 Bf5 5.a3 e6 6.O-O h6 7.c4 Be7 8.Nbd2 a5
9.b3 O-O 10.Bb2 Ne4 11.e3 f6 12.Qe2 g5 13.Nxe4 Bxe4 14.Bh3 Bf5 15.Bxf5 exf5
16.Nd2 Qd7 17.cxd5 Qxd5 18.Qc4 Rad8 19.Rfc1 Rfe8 20.Nb1 Kf7 21.Qxd5+ Rxd5
22.Nc3 Rd7 23.Nb5 Bd6 24.Rc2 f4 25.Re1 Rde7 26.Bc1 f5 27.Bd2 fxe3 28.Rxe3 Re4
29.Rxe4 Rxe4 30.d5 Nd4 31.Nxd4 Rxd4 32.Bxa5 Rxd5 33.Bxc7 Bxa3 34.Ra2 Bc5
35.Rc2 Ke6 36.Ba5 Bxf2+ 37.Kxf2 Rxa5 38.Rc7 Rb5 39.Rh7 g4 40.Rxh6+ Ke5 41.h3 gxh3
42.Rxh3 Rxb3 43.Rh8 Rc3 44.Rb8 Rc7 45.Re8+ Kd4 46.Rf8 Rc5 47.Ke2 Kc3 48.Kd1 Kd3
49.Re8 b5 50.Re7 b4 51.Re8 b3 52.Rb8 Rc3 53.Rb4 Ke3 54.Rb5 Ke4 55.Rb4+ Ke5
56.g4 fxg4 57.Kd2 Rg3 58.Ke2 Kf5 59.Rb5+ Kf4 60.Rb4+ Kg5  0-1

[Event "36th Barbera Open"]
[Site "Barbera del Valles ESP"]
[Date "2013.07.06"]
[Round "3.14"]
[White "Valdes,Le"]
[Black "Rishi,S"]
[Result "1/2-1/2"]
[WhiteElo "2444"]
[BlackElo "2316"]

1.Nf3 d5 2.g3 c6 3.Bg2 Bg4 4.O-O Nd7 5.d3 e6 6.Nbd2 Bd6 7.b3 Ne7 8.Bb2 O-O
9.c4 a5 10.a3 e5 11.h3 Bh5 12.Qc2 f6 13.Rfe1 b5 14.e4 bxc4 15.bxc4 d4 16.Nh4 a4
17.Nf5 Bc5 18.Bf3 Bxf3 19.Nxf3 Bb6 20.N3h4 Nc5 21.Qe2 Nxf5 22.Nxf5 Qd7 23.h4 g6
24.Nh6+ Kg7 25.Bc1 Nb3 26.Ng4 Nxa1 27.Bh6+ Kh8 28.Bxf8 Rxf8 29.Rxa1 h5 30.Nh2 Bc5
31.Kg2 Rb8 32.g4 Qh7 33.Qd2 Be7 34.Qa5 hxg4 35.Qc7 Rb3 36.Qxc6 Qf7 37.Qxa4 Rxd3
38.Qd7 f5 39.Rb1 g3 40.Qc8+ Kg7 41.Rb8 Qf8 42.Qc7 Qf6 43.Qc8 Qf8 44.Qc7 Qf6
45.Qc8 Bf8 46.Qc7+ Kg8 47.Rb7 Bg7 48.fxg3 Rd2+ 49.Kg1 fxe4 50.Ng4 Rd1+ 51.Kh2 Rd2+
52.Kg1 Rd1+ 53.Kh2 Rd2+ 54.Kg1 Rd1+  1/2-1/2

[Event "Werner-Ott-Open 2013"]
[Site "Berlin GER"]
[Date "2013.07.06"]
[Round "1.1"]
[White "Schindler,Rudolf"]
[Black "Rabiega,R"]
[Result "0-1"]
[WhiteElo "1867"]
[BlackElo "2502"]

1.Nf3 d5 2.g3 Bg4 3.h3 Bh5 4.Bg2 Nd7 5.Nc3 c6 6.d4 Ngf6 7.g4 Bg6 8.Nh4 e6
9.Nxg6 hxg6 10.Bg5 Qc7 11.e3 Bd6 12.e4 dxe4 13.Nxe4 Nxe4 14.Bxe4 Bf4 15.Bxf4 Qxf4
16.Qf3 Qxf3 17.Bxf3 g5 18.c4 O-O-O 19.O-O-O Rh6 20.Bg2 Rf6 21.Rd2 Rf4 22.Rhd1 a5
23.b3 a4 24.Rc2 Kc7 25.Rd3 axb3 26.axb3 Nc5 27.Rf3 Rxf3 28.Bxf3 Nxb3+  0-1

[Event "FSIM July 2013"]
[Site "Budapest HUN"]
[Date "2013.07.06"]
[Round "1.3"]
[White "To,N"]
[Black "Toth,Sar"]
[Result "1-0"]
[WhiteElo "2292"]
[BlackElo "2178"]

1.Nf3 d5 2.g3 Nf6 3.Bg2 Bg4 4.c4 c6 5.cxd5 cxd5 6.Ne5 Bf5 7.Nc3 Nbd7 8.Qa4 e6
9.g4 Bc2 10.b3 Bd6 11.Nxd7 Qxd7 12.Qxd7+ Kxd7 13.g5 Ne4 14.Bb2 Nxc3 15.Bxc3 Bf5
16.d3 Rac8 17.Bxg7 Rhg8 18.Bf6 Rc2 19.e4 dxe4 20.dxe4 Bb4+ 21.Kf1 Bc5 22.Rd1+ Kc8
23.exf5 Rxf2+ 24.Ke1 Rxg2 25.Rc1 b6 26.b4 exf5 27.bxc5 Re8+ 28.Kd1 Ree2 29.cxb6+ Kb7
30.Rc7+ Kxb6 31.Rxf7 Rxa2 32.Rxh7 f4 33.Rf1 f3 34.Rh3 Rgd2+ 35.Kc1 f2 36.Rf3 Kc6
37.g6 Re2 38.Bc3 Ra1+ 39.Bxa1 Re1+ 40.Kd2 Rxf1 41.g7  1-0

[Event "IsBank TCh-TUR 2013"]
[Site "Denizli TUR"]
[Date "2013.07.06"]
[Round "8.9"]
[White "Ersoz,B"]
[Black "Diril,D"]
[Result "1-0"]
[WhiteElo "1941"]
[BlackElo "1777"]

1.Nf3 d5 2.g3 Nf6 3.Bg2 e6 4.O-O Be7 5.c4 O-O 6.cxd5 exd5 7.d3 b6 8.Bf4 Bb7
9.Nc3 c5 10.d4 Nc6 11.Qa4 Ne4 12.Rad1 Nxd4 13.Nxd4 Nxc3 14.bxc3 cxd4 15.Rxd4 Bf6
16.Rd3 Re8 17.e4 d4 18.Re1 a5 19.cxd4 Ba6 20.Rdd1 Rc8 21.e5 Rc4 22.Qb3 Be7
23.d5 Bb4 24.Bd2 Bxd2 25.Rxd2 Qd7 26.Qxb6 Rxe5 27.Qb8+  1-0

[Event "IsBank TCh-TUR 2013"]
[Site "Denizli TUR"]
[Date "2013.07.06"]
[Round "8.6"]
[White "Apaydin,F"]
[Black "Guner,S"]
[Result "1-0"]
[WhiteElo "2234"]
[BlackElo "2071"]

1.Nf3 d5 2.g3 g6 3.Bg2 Bg7 4.O-O e5 5.d3 Ne7 6.Nbd2 O-O 7.e4 Nbc6 8.Re1 h6
9.c3 a5 10.a4 Be6 11.Qe2 Qd7 12.exd5 Nxd5 13.Nc4 Rfe8 14.Qc2 Bf5 15.Nfd2 Rad8
16.Ne4 b6 17.Qb3 Be6 18.Qb5 Nde7 19.Bf1 Qc8 20.Qb3 Bh3 21.Be2 Be6 22.Qc2 Nd5
23.Bf3 Qd7 24.Bg2 Bh3 25.Bh1 Be6 26.Qe2 Nde7 27.Bxh6 Qxd3 28.Qxd3 Rxd3 29.Bxg7 Kxg7
30.Ne3 Red8 31.Bg2 f6 32.Bf1 R3d7 33.Bb5 f5 34.Ng5 Bg8 35.f4 Kf6 36.Nc4 Bxc4
37.Bxc4 Rd2 38.Nf7 Re8 39.Nxe5 Rxb2 40.Nxc6  1-0

[Event "Karvina Open 2013"]
[Site "Karvina CZE"]
[Date "2013.07.06"]
[Round "8.16"]
[White "Bausano,Michael"]
[Black "Madynski,P"]
[Result "0-1"]
[WhiteElo "1774"]
[BlackElo "2092"]

1.Nf3 d5 2.g3 Bf5 3.Bg2 e6 4.d3 Bd6 5.Nbd2 Nf6 6.O-O Bg6 7.Nh4 c6 8.e4 Bh5
9.Qe1 g5 10.Nhf3 Bxf3 11.Nxf3 g4 12.Nh4 Nbd7 13.Qc3 Rg8 14.Be3 Qc7 15.a4 a5
16.Qd2 O-O-O 17.exd5 Nxd5 18.Qe2 Be7 19.Bxd5 cxd5 20.Bf4 Bd6 21.Bxd6 Qxd6
22.d4 Kb8 23.Qb5 Qc6 24.b4 Qxb5 25.axb5 axb4 26.Rfb1 Rc8 27.Ra2 Rc4 28.Ng2 Rxd4
29.Rab2 Ne5 30.Rxb4 Nf3+ 31.Kh1 Rd2 32.b6 Rxc2 33.Ra4 Rgc8 34.Ne1 Rc1  0-1

[Event "Pacific Southwest Op"]
[Site "Los Angeles USA"]
[Date "2013.07.06"]
[Round "4"]
[White "Matikozian,A"]
[Black "Brown,Michael William"]
[Result "1-0"]
[WhiteElo "2470"]
[BlackElo "2237"]

1.Nf3 d5 2.g3 Nf6 3.Bg2 Bf5 4.d3 e6 5.O-O Be7 6.Nfd2 h6 7.e4 Bh7 8.Nc3 O-O
9.Kh1 Nc6 10.f4 Nd4 11.h3 c5 12.g4 dxe4 13.dxe4 Qc7 14.Ne2 Rad8 15.c3 Nc6
16.Qe1 Rd3 17.f5 Ne5 18.Nf4 Rd6 19.Nf3 Nfd7 20.Nxe5 Nxe5 21.Qg3 Rb6 22.Nh5 Bg5
23.Bxg5 hxg5 24.f6 Rxb2 25.fxg7 Rd8 26.Rad1 Rc8 27.Qe3 Bg6 28.Qxg5 Bxh5 29.gxh5 f5
30.h6 Kh7 31.exf5 Rxg2 32.Qxg2 exf5 33.Rxf5 Ng6 34.Rf6  1-0

[Event "11th Niki Open 2013"]
[Site "Nachod CZE"]
[Date "2013.07.06"]
[Round "8.17"]
[White "Cieslak,L"]
[Black "Kuru,M"]
[Result "1-0"]
[WhiteElo "1995"]
[BlackElo "1834"]

1.Nf3 d5 2.g3 c6 3.Bg2 Bf5 4.O-O Nf6 5.b3 e6 6.Bb2 Bd6 7.c4 O-O 8.d4 b6 9.Nbd2 Nbd7
10.Nh4 Bg4 11.h3 Bh5 12.g4 Bg6 13.Nxg6 hxg6 14.e4 dxe4 15.Nxe4 Nxe4 16.Bxe4 Rc8
17.f4 Nf6 18.Bc2 Qc7 19.Qf3 Rfd8 20.h4 c5 21.f5 gxf5 22.gxf5 cxd4 23.fxe6 fxe6
24.Qg2 Be7 25.Rad1 e5 26.Bf5 Rb8 27.Be6+ Kh8 28.Qg6 Bc5 29.Rf5 Ng8 30.Rf7  1-0

[Event "41st TCh-GRE"]
[Site "Rio (Achaia) GRE"]
[Date "2013.07.06"]
[Round "6.1"]
[White "Harikrishna,P"]
[Black "Mastrovasilis,A"]
[Result "1/2-1/2"]
[WhiteElo "2680"]
[BlackElo "2523"]

1.Nf3 d5 2.g3 Nc6 3.d4 Bg4 4.Bg2 Qd7 5.h3 Bxf3 6.Bxf3 O-O-O 7.Nc3 e6 8.Bf4 Bd6
9.Bxd6 Qxd6 10.Qd2 f5 11.Nb5 Qd7 12.c4 dxc4 13.Rd1 Nge7 14.e3 Ne5 15.Nxa7+ Kb8
16.dxe5 Qxd2+ 17.Rxd2 Kxa7 18.Rc2 Ng6 19.Be2 Nxe5 20.Bxc4 Nxc4 21.Rxc4 Rd7
22.Ke2 Rhd8 23.Rc2 c6 24.h4 g6 25.Rb1 Rd5 26.b4 Kb6 27.a4 Ra8 28.Ra1 Rad8
29.Rb2 R8d7 30.Rc1 Rd8 31.b5 cxb5 32.Rcb1 Kc6 33.Rxb5 Rxb5 34.Rxb5 Ra8 35.Rb4 Ra5
36.e4 h6 37.Kd3 g5 38.Rc4+ Kd6 39.hxg5 hxg5 40.Rb4 Kc6 41.Kd4 Kc7 42.Rc4+ Kd6
43.Rb4 Kc6 44.Rc4+ Kd6  1/2-1/2

[Event "41st Annual World Open"]
[Site "Arlington USA"]
[Date "2013.07.07"]
[Round "9.16"]
[White "Cheng,Bi"]
[Black "Wang,K"]
[Result "1-0"]
[WhiteElo "2406"]
[BlackElo "2297"]

1.Nf3 d5 2.g3 Nf6 3.Bg2 g6 4.b3 Bg7 5.Bb2 O-O 6.c4 c6 7.O-O a5 8.d3 Bg4 9.Nbd2 Nbd7
10.Rc1 a4 11.b4 Re8 12.a3 e5 13.e4 dxe4 14.dxe4 c5 15.Qc2 Bh6 16.Ra1 Qc7
17.h3 Bxf3 18.Nxf3 Bf8 19.b5 Bd6 20.h4 Nf8 21.Bh3 Ne6 22.Bxe6 Rxe6 23.Nd2 Ng4
24.Rae1 h5 25.Nb1 Rf8 26.f3 Nh6 27.Bc1 Kh7 28.Nc3 f5 29.g4 fxg4 30.Bxh6 Kxh6
31.fxg4 Rf4 32.g5+ Kg7 33.Qh2 Qf7 34.Nd5 Re8 35.Rf2 Qe6 36.Nf6 Rf8 37.Rd1 Rxe4
38.Qg2 Rxc4 39.Rxd6 Rc1+ 40.Kh2  1-0

[Event "e2e4 Sunningdale July Open"]
[Site "Ascot ENG"]
[Date "2013.07.07"]
[Round "5"]
[White "Stewart,Ashley"]
[Black "Craft,Isaac"]
[Result "1/2-1/2"]
[WhiteElo "2053"]
[BlackElo "2009"]

1.g3 d5 2.Nf3 c6 3.Bg2 e6 4.O-O f5 5.d4 Nf6 6.c4 Bd6 7.b3 Qc7 8.Bb2 O-O 9.Qc1 b6
10.Ba3 Bxa3 11.Nxa3 Bb7 12.Nc2 Nbd7 13.Nce1 e5 14.dxe5 Nxe5 15.cxd5 Nxd5
16.Qb2 Rae8 17.Nxe5 Qxe5 18.Qxe5 Rxe5 19.e3 Nc3 20.Nf3 Re7 21.Rfe1 c5 22.Nd2 Bxg2
23.Kxg2 Rd8 24.Nf3 Red7  1/2-1/2

[Event "Styrian Open A 2013"]
[Site "Bad Gleichenberg AUT"]
[Date "2013.07.07"]
[Round "2.9"]
[White "Gstach,Jakob"]
[Black "Diermair,A"]
[Result "0-1"]
[WhiteElo "2140"]
[BlackElo "2426"]

1.Nf3 d5 2.g3 Nf6 3.Bg2 e6 4.O-O Be7 5.d4 O-O 6.c4 dxc4 7.a4 Nc6 8.Bg5 h6
9.Bxf6 Bxf6 10.e3 e5 11.d5 Nb4 12.e4 c6 13.dxc6 Nxc6 14.Na3 Be6 15.Nd2 Na5
16.Qe2 Rc8 17.Rac1 Qd4 18.Rc3 Rfd8 19.Nf3 Qb6 20.Qc2 Qb4 21.Nd2 a6 22.Ra1 Nb3  0-1

[Event "V4 Int Open ch-SVK 2013"]
[Site "Banska Stiavnica SVK"]
[Date "2013.07.07"]
[Round "2.15"]
[White "Peitl,T"]
[Black "Repkova,E"]
[Result "1/2-1/2"]
[WhiteElo "2211"]
[BlackElo "2374"]

1.Nf3 d5 2.g3 Nf6 3.Bg2 e6 4.c4 Be7 5.O-O O-O 6.d4 dxc4 7.Qa4 a6 8.Qxc4 b5
9.Qc2 Bb7 10.Nbd2 Nbd7 11.Nb3 Be4 12.Qd1 c5 13.dxc5 Nxc5 14.Nxc5 Bxc5 15.Bg5 Qe7
16.Ne5 Bxg2 17.Kxg2 Qb7+ 18.Kg1 Ne4 19.Bf4 Rfd8 20.Nd3 e5 21.Bxe5 Ng5 22.h4 Nh3+
23.Kh2 Nxf2 24.Nxc5 Ng4+ 25.Kg1 Rxd1 26.Nxb7 Rxa1 27.Rxa1 Nxe5 28.Rc1 g6
29.Rc7 Kg7 30.Nc5 Kf6 31.Kf2 Kf5 32.e4+ Kg4 33.Re7 f6 34.Rxh7 Rd8 35.Ke2 Kxg3
36.h5 g5 37.h6 Rc8 38.b4 a5  1/2-1/2